| 000 | 01226nam a2200193 a 4500 | ||
|---|---|---|---|
| 001 | 000023651 | ||
| 005 | 20200930022354.0 | ||
| 008 | 101216s1963 sp r 000 f spa d | ||
| 040 |
_aDO-SdBNP _bspa _cBNPHU |
||
| 082 |
_a808.831 _bA634m, 1963 |
||
| 245 | 0 | 0 | _aAntología de las mejores novelas policíacas. |
| 250 | _a6a ed. | ||
| 260 |
_aBarcelona : _bAcervo, _c1963. |
||
| 300 |
_av. ; _c21 cm. |
||
| 500 | _aLa biblioteca posee v.2 | ||
| 505 | 0 |
_tEl profanador de tumbas / _rR. L. Stevenson _tEl cazador cazado / _rW. Wilkie Collins _tEl jucio de Demetrio Karamazov / _rF. Dostoievski _tLas vacaciones de Mr. Ledbetter / _rH G Wells _tUn crimen excepcional / _rJean Richepin _tLa estrella de plata / _rT. Burke _tEl fugitivo y los clérigos / _rJ. S. Fletcher _tEl forastero amable / _rGeoffrey Household _tEl enigma del fantasma en coche / _rL. Castellani _t<<...era un bendito>> / _rGeorge Joseph _tEl caso de la florista asustada / _rBevis Winter _tKachudas y el sombrerero / _rG. Simenon _tEl cepo de tío / _rBurnhan Carter _tEl caso <<GI>> / _rEllery Quenn _tMom derrama una lágrima / _rJames Yaffe _tUna soga para el barón / _rAnthony Morton _tCoartada perfecta / _rO. Roy Cohen |
|
| 910 | _aValidado. Control de calidad MFF | ||
| 049 | _aBNGR | ||
| 999 |
_c23147 _d23147 |
||